00421nam a2200181Ia 4500003000900000008004100009040001300050040001300063041000800076100002100084245006100105250001100166260002600177260000900203300001100212300001000223490000600233IT-RoPAU120407s9999 xx 000 0 und d aIT-RoPAU cIT-RoPAU aeng aJ. Roy Deferrari aMemoirs of the Catholic University of America: 1918-1960 aBoston aDaughters of St. Paul c1962 a445 p. c21 cm v1